Bydeler i Hamar - Statistics

General Stats
  • This quiz has been taken 69 times
  • The average score is 6 of 13
Answer Stats
Område Bydel % Correct
Vest Storhamar
96%
Øst Børstad
66%
Vest Ajer
63%
Øst Briskeby
57%
Vest Prestrud
52%
Øst Disen
46%
Øst Ankerløkka
39%
Vest Furuberget
38%
Sentrum Sagatun
34%
Øst Østbyen
29%
Vest Bondesvea
23%
Vest Hol
23%
Vest Bispehaugen
2%
No matching quizzes found
Score Distribution
Percent of People with Each Score
Percentile by Number Answered
Your Score History
You have not taken this quiz